Fourier analysis of time series : an introduction /
Guardado en:
| Autor Principal: | |
|---|---|
| Formato: | Libro |
| Idioma: | English |
| Publicado: |
New York :
Wiley,
c1976.
|
| Series: | Wiley series in probability and mathematical statistics
|
| Materias: | |
| Etiquetas: |
Agregar Etiqueta
Sin Etiquetas, Sea el primero en etiquetar este registro!
|
| LEADER | 01043pam a2200241 a 4500 | ||
|---|---|---|---|
| 001 | MAT.inmabb004710 | ||
| 008 | 751020s1976####nyua#####b####001#0#eng## | ||
| 005 | 20130225144335.0 | ||
| 245 | 1 | 0 | |a Fourier analysis of time series : |b an introduction / |c Peter Bloomfield. |
| 260 | |a New York : |b Wiley, |c c1976. | ||
| 300 | |a xiii, 258 p. : |b il. ; |c 24 cm. | ||
| 440 | 0 | |a Wiley series in probability and mathematical statistics | |
| 504 | |a Bibliografía: p. 247-250. | ||
| 505 | 0 | |a 1. Introduction -- 2. The search for periodicity -- 3. Harmonic analysis -- 4. The fast Fourier transform -- 5. Examples of harmonic analysis -- 6. Complex demodulation -- 7. The spectrum -- 8. Some stationary time series theory -- 9. Analysis of multiple series -- 10. Further topics. | |
| 510 | 4 | |a MR, |c 58 #31661 | |
| 020 | |a 0471082562 | ||
| 100 | 1 | |a Bloomfield, Peter, |d 1946- | |
| 650 | 0 | |a Time-series analysis. | |
| 650 | 0 | |a Fourier analysis. | |
| 084 | |a 62M10 |2 msc2000 | ||
| 010 | |a 75034294 | ||
| 040 | |a DLC |c DLC |d DLC | ||
| 859 | |h 62 |i B655 |p A-6114 |b BIB. MATEMATICA | ||
